Catálogo

LA INCOGNITA DEL HOMBRE (Registro nro. 2141)

Detalles MARC
000 -LEADER
fixed length control field 00494nam a2200193 a 4500
001 - CONTROL NUMBER
control field 2141
005 - DATE AND TIME OF LATEST TRANSACTION
control field 20180713182138.0
008 - FIXED-LENGTH DATA ELEMENTS--GENERAL INFORMATION
fixed length control field 140415s1981 mx 000 0 spa d
041 ## - LANGUAGE CODE
Language code of text/sound track or separate title spa
082 ## - DEWEY DECIMAL CLASSIFICATION NUMBER
Classification number 128
Item number CAR
100 1# - MAIN ENTRY--PERSONAL NAME
Personal name CARREL, ALEXIS
245 13 - TITLE STATEMENT
Title LA INCOGNITA DEL HOMBRE
250 ## - EDITION STATEMENT
Edition statement 1a ed.
260 ## - PUBLICATION, DISTRIBUTION, ETC.
Place of publication, distribution, etc. MEXICO :
Name of publisher, distributor, etc. DIANA,
Date of publication, distribution, etc. 1981
300 ## - PHYSICAL DESCRIPTION
Extent 397
650 14 - SUBJECT ADDED ENTRY--TOPICAL TERM
Topical term or geographic name entry element ANTROPOLOGIA FILOSOFICA
700 1# - ADDED ENTRY--PERSONAL NAME
Personal name RUIZ FERRY, MARIA
Relator term tr.
700 1# - ADDED ENTRY--PERSONAL NAME
Personal name PITTALUGA, GUSTAVO
Relator term pról.
Existencias
Withdrawn status Lost status Source of classification or shelving scheme Damaged status Not for loan Collection code Home library Current library Shelving location Date acquired Source of acquisition Inventory number Total Checkouts Full call number Barcode Date last seen Date last checked out Price effective from Koha item type
    Dewey Decimal Classification     General Biblioteca Karol Wojtyla Biblioteca Karol Wojtyla Sala general 03/12/2013 Compra 151000000000000000060749 1 128 CAR 12788 05/01/2026 20/10/2014 03/12/2013 Libro
    Dewey Decimal Classification     General Biblioteca Karol Wojtyla Biblioteca Karol Wojtyla Sala general 03/12/2013 Compra 151000000000000000060750 1 128 CAR 41666 05/01/2026 19/10/2018 03/12/2013 Libro